2010: Odyssey Two (Record no. 735)

MARC details
000 -LEADER
fixed length control field 00276nam a2200109 4500
008 - FIXED-LENGTH DATA ELEMENTS--GENERAL INFORMATION
fixed length control field 160624b xxu||||| |||| 00| 0 eng d
100 ## - MAIN ENTRY--PERSONAL NAME
9 (RLIN) 927
Personal name Clarke, A.C
245 ## - TITLE STATEMENT
Title 2010: Odyssey Two
260 ## - PUBLICATION, DISTRIBUTION, ETC. (IMPRINT)
Place of publication, distribution, etc. N.Y
Name of publisher, distributor, etc. Ballantine Books
Date of publication, distribution, etc. 1968
300 ## - PHYSICAL DESCRIPTION
Extent 2010: Odyssey Two
942 ## - ADDED ENTRY ELEMENTS (KOHA)
Source of classification or shelving scheme Dewey Decimal Classification
Koha item type BOOK
Holdings
Withdrawn status Lost status Source of classification or shelving scheme Damaged status Not for loan Home library Current library Shelving location Date acquired Total Checkouts Full call number Barcode Date last seen Date last checked out Price effective from Koha item type
    Dewey Decimal Classification     Good Samaritan School Library Good Samaritan School Library FICTION 06/24/2016 1 823 CLA1447 08/16/2017 08/09/2017 06/24/2016 BOOK

Powered by Koha